000 00294nam a22001337a 4500
008 170621b xxu||||| |||| 00| 0 eng d
020 _a2900029019862
041 _aeng
080 _a32
100 _a20
101 _aSHP
245 _aNEGOTIATING RATIONALLY
_cBAZERMAN,M.H
942 _2udc
_cBK
999 _c18425
_d18425